[Event "Wch Blitz (Women)"]
[Site "New York"]
[Date "2024.12.30"]
[Round "6"]
[White "Serikbay, Assel"]
[Black "Wu, Rochelle"]
[Result "0-1"]
[WhiteElo "2236"]
[BlackElo "2237"]
[PlyCount "122"]
[EventDate "2024.12.30"]
[EventType "swiss (blitz)"]
[EventRounds "11"]
[EventCountry "USA"]
[SourceTitle "CB01_2025"]
[SourceDate "2025.01.01"]
[SourceVersion "1"]
[SourceVersionDate "2025.01.01"]
[SourceQuality "1"]

1. e4 c5 2. Nf3 d6 3. d4 cxd4 4. Nxd4 Nf6 5. Nc3 Nc6 6. Be2 g6 7. 0-0 Bg7 8. Be3 0-0 9. Nb3 Bd7 10. f3 Rc8 11. Kh1 Ne5 12. Bxa7 b6 13. Qd4 Nc6 14. Qxb6 Rc7 15. Nb5 Rxa7 16. Qxd8 Rxd8 17. Nxa7 Nxa7 18. c3 Rb8 19. Rab1 Be6 20. Nd4 Bxa2 21. Ra1 Rxb2 22. Rfc1 Nc8 23. Rc2 Rxc2 24. Nxc2 Be6 25. Ra8 Ne8 26. Nd4 Nc7 27. Rb8 Bxd4 28. cxd4 d5 29. Rb7 Ne8 30. e5 Kf8 31. g4 f6 32. f4 fxe5 33. fxe5 Ng7 34. h3 Kf7 35. Kg2 g5 36. Ba6 h5 37. Kg3 hxg4 38. hxg4 Ke8 39. Bb5+ Kd8 40. Ba4 Ne8 41. Bb3 Nc7 42. Ba4 Bd7 43. Bc2 Nb5 44. Bf5 e6 45. Bxe6 Bxe6 46. Rxb5 Ne7 47. Rb6 Bd7 48. Rd6 Kc7 49. Rg6 Nc6 50. Rxg5 Nxd4 51. Rg7 Ne6 52. Rh7 d4 53. Kf2 Ng5 54. Rg7 Ne4+ 55. Ke1 Kd8 56. g5 d3 57. Rxd7+ Kxd7 58. g6 Ke6 59. g7 Kf7 60. e6+ Kxg7 61. e7 Kf7 0-1

[Event "Wch Blitz (Women)"]
[Site "New York"]
[Date "2024.12.30"]
[Round "4"]
[White "Shuvalova, Polina"]
[Black "Wu, Rochelle"]
[Result "1-0"]
[WhiteElo "2504"]
[BlackElo "2237"]
[PlyCount "60"]
[EventDate "2024.12.30"]
[EventType "swiss (blitz)"]
[EventRounds "11"]
[EventCountry "USA"]
[SourceTitle "CB01_2025"]
[SourceDate "2025.01.01"]
[SourceVersion "1"]
[SourceVersionDate "2025.01.01"]
[SourceQuality "1"]

1. e4 c5 2. Nf3 d6 3. Bb5+ Bd7 4. Bxd7+ Qxd7 5. 0-0 Nf6 6. Re1 Nc6 7. c3 e6 8. d4 cxd4 9. cxd4 d5 10. e5 Ne4 11. a3 Rc8 12. Nbd2 Nxd2 13. Bxd2 Be7 14. h4 b5 15. h5 h6 16. Re3 Bd8 17. Rd3 Na5 18. b3 Nc6 19. Nh2 a5 20. Qg4 Kf8 21. Rg3 f5 22. exf6 Bxf6 23. Be3 Ne7 24. Qd1 Nf5 25. Rf3 Ke7 26. Ng4 Rhf8 27. Rc1 Rxc1 28. Qxc1 Qd6 29. Bf4 Qd7 30. Rc3 Nxd4 1-0

[Event "Wch Blitz (Women)"]
[Site "New York"]
[Date "2024.12.30"]
[Round "3"]
[White "Wu, Rochelle"]
[Black "Nurmanova, Alua"]
[Result "0-1"]
[WhiteElo "2237"]
[BlackElo "2330"]
[PlyCount "92"]
[EventDate "2024.12.30"]
[EventType "swiss (blitz)"]
[EventRounds "11"]
[EventCountry "USA"]
[SourceTitle "CB01_2025"]
[SourceDate "2025.01.01"]
[SourceVersion "1"]
[SourceVersionDate "2025.01.01"]
[SourceQuality "1"]

1. d4 Nf6 2. c4 g6 3. Nc3 Bg7 4. e4 d6 5. h3 0-0 6. Be3 c6 7. Bd3 Na6 8. g4 e5 9. d5 Nc5 10. Bc2 a5 11. Nge2 h5 12. f3 Bd7 13. Qd2 cxd5 14. Nxd5 Nxd5 15. cxd5 h4 16. 0-0 Rc8 17. b4 axb4 18. Qxb4 b5 19. Rac1 Bf6 20. Qd2 Qb6 21. Rb1 Qa6 22. Bb3 Bd8 23. Bg5 Qb6 24. Kg2 Bxg5 25. Qxg5 Qd8 26. Qe3 Kg7 27. Rb2 Qe7 28. Nc3 Rc7 29. Ne2 Rfc8 30. Rc1 Ra7 31. Rbc2 Rca8 32. Nc3 Ra3 33. Nd1 Qd8 34. Nf2 b4 35. Rb1 Ba4 36. Qd2 Bxb3 37. axb3 Qb6 38. Rc4 Rb8 39. Nd3 Nxb3 40. Qc2 Nd4 41. Qd1 b3 42. Rb2 Ra2 43. Qd2 Qa6 44. Rc7 Rxb2 45. Nxb2 Qa1 46. Rd7 Ra8 0-1

[Event "Wch Blitz (Women)"]
[Site "New York"]
[Date "2024.12.30"]
[Round "2"]
[White "Zhu, Jiner"]
[Black "Wu, Rochelle"]
[Result "0-1"]
[WhiteElo "2514"]
[BlackElo "2237"]
[PlyCount "57"]
[EventDate "2024.12.30"]
[EventType "swiss (blitz)"]
[EventRounds "11"]
[EventCountry "USA"]
[SourceTitle "CB01_2025"]
[SourceDate "2025.01.01"]
[SourceVersion "1"]
[SourceVersionDate "2025.01.01"]
[SourceQuality "1"]

1. e4 c5 2. Nf3 d6 3. d4 cxd4 4. Nxd4 Nf6 5. Nc3 Nc6 6. Bg5 Bd7 7. Nxc6 bxc6 8. Be2 e6 9. 0-0 h6 10. Bh4 Be7 11. Qd3 d5 12. e5 Nh7 13. Bxe7 Qxe7 14. Qe3 c5 15. Nb5 0-0 16. Nd6 f6 17. f4 fxe5 18. fxe5 Qg5 19. Qxc5 Qxe5 20. Bd3 Ng5 21. c3 Rab8 22. b4 Rxf1+ 23. Rxf1 a5 24. Qc7 Qe3+ 25. Kh1 Ra8 26. Qxd7 Qxd3 27. Rg1 Rf8 28. h4 Qg3 29. Rd1 0-1

[Event "Wch Rapid (Women)"]
[Site "New York"]
[Date "2024.12.26"]
[Round "3"]
[White "Wagner, Dinara"]
[Black "Wu, Rochelle"]
[Result "1-0"]
[WhiteElo "2307"]
[BlackElo "2217"]
[PlyCount "63"]
[EventDate "2024.12.26"]
[EventType "swiss (rapid)"]
[EventRounds "11"]
[EventCountry "USA"]
[SourceTitle "CB01_2025"]
[SourceDate "2025.01.01"]
[SourceVersion "1"]
[SourceVersionDate "2025.01.01"]
[SourceQuality "1"]

1. d4 d5 2. c4 e6 3. Nf3 a6 4. cxd5 exd5 5. Nc3 c6 6. Bf4 Bd6 7. Bxd6 Qxd6 8. e4 Ne7 9. e5 Qh6 10. Bd3 0-0 11. 0-0 Bg4 12. Qe2 Nd7 13. h3 Bf5 14. Rad1 Rfe8 15. Rfe1 Nf8 16. Qe3 Qxe3 17. Rxe3 Ne6 18. Bxf5 Nxf5 19. Ree1 a5 20. g4 Ne7 21. Kg2 Rac8 22. Kg3 Rf8 23. h4 h6 24. Rd2 g5 25. h5 Kg7 26. Nd1 Nf4 27. Ne3 f5 28. exf6+ Rxf6 29. Ng2 Rc7 30. Nxf4 Rxf4 31. Re5 Ng8 32. Nxg5 1-0

[Event "Titled Tuesday intern op 23rd Jul Late"]
[Site "Chess.com INT"]
[Date "2024.07.23"]
[Round "3"]
[White "Garrido Dominguez, Jesus"]
[Black "Wu, Rochelle"]
[Result "1-0"]
[WhiteElo "2396"]
[BlackElo "2250"]
[PlyCount "89"]
[EventDate "2024.07.23"]
[EventType "swiss (blitz)"]
[EventRounds "11"]
[EventCountry "USA"]
[SourceTitle "EXT 2025"]
[Source "ChessBase"]
[SourceDate "2024.10.14"]
[SourceVersion "1"]
[SourceVersionDate "2024.10.14"]
[SourceQuality "1"]

1. e4 c5 2. Nf3 d6 3. d4 cxd4 4. Nxd4 Nf6 5. Nc3 Nc6 6. Be2 g6 7. 0-0 Bg7 8. Nb3 0-0 9. Be3 Bd7 10. Kh1 Rc8 11. f4 a6 12. Bf3 Qc7 13. Nd5 Nxd5 14. exd5 Na5 15. Nxa5 Qxa5 16. c3 b5 17. a3 Qa4 18. Qd2 Bf5 19. Rfc1 Qc4 20. Be2 Qc7 21. a4 Qb8 22. axb5 axb5 23. b4 Rc7 24. Bd4 Bxd4 25. Qxd4 Rfc8 26. Ra5 Bd7 27. h3 Qb7 28. Kh2 e6 29. dxe6 fxe6 30. Qxd6 Rxc3 31. Rxc3 Rxc3 32. Qd4 Rc7 33. Bf3 Bc6 34. Qd8+ Kg7 35. Rxb5 Qxb5 36. Qxc7+ Bd7 37. Qe5+ Qxe5 38. fxe5 Bb5 39. Kg3 g5 40. Be4 h6 41. Kf2 Kf7 42. Ke3 Ke7 43. Kf3 Kd7 44. Kg4 Be2+ 45. Bf3 1-0

[Event "Titled Tuesday intern op 23rd Jul Late"]
[Site "Chess.com INT"]
[Date "2024.07.23"]
[Round "5"]
[White "Le, Quang Long"]
[Black "Wu, Rochelle"]
[Result "0-1"]
[WhiteElo "2380"]
[BlackElo "2250"]
[PlyCount "74"]
[EventDate "2024.07.23"]
[EventType "swiss (blitz)"]
[EventRounds "11"]
[EventCountry "USA"]
[SourceTitle "EXT 2025"]
[Source "ChessBase"]
[SourceDate "2024.10.14"]
[SourceVersion "1"]
[SourceVersionDate "2024.10.14"]
[SourceQuality "1"]

1. d4 d5 2. c4 c6 3. Nf3 Nf6 4. Nc3 a6 5. e3 Bf5 6. Qb3 b5 7. cxd5 cxd5 8. a4 b4 9. Qxb4 Nc6 10. Qc5 Na5 11. Qa3 e6 12. Qa2 Qb6 13. Nd2 Rc8 14. Be2 Bb4 15. 0-0 0-0 16. Re1 Rc7 17. Bd1 Rfc8 18. Nf3 Ne4 19. Bd2 Nxd2 20. Nxd2 Bxc3 21. bxc3 Rxc3 22. Nf3 h6 23. h3 Qb4 24. Ne5 Rc1 25. Rf1 R1c3 26. Nd7 Bd3 27. Nc5 Bxf1 28. Kxf1 Qc4+ 29. Qe2 Rxc5 30. dxc5 Qxc5 31. Qxa6 Nc4 32. Qb5 Qd6 33. a5 Qh2 34. Ke2 Qxg2 35. Qb8+ Kh7 36. Qb1+ g6 37. Qb4 Rxe3# 0-1

[Event "Titled Tuesday intern op 23rd Jul Late"]
[Site "Chess.com INT"]
[Date "2024.07.23"]
[Round "1"]
[White "Wu, Rochelle"]
[Black "Melikyan, Gnel"]
[Result "0-1"]
[WhiteElo "2250"]
[BlackElo "2238"]
[PlyCount "28"]
[EventDate "2024.07.23"]
[EventType "swiss (blitz)"]
[EventRounds "11"]
[EventCountry "USA"]
[SourceTitle "EXT 2025"]
[Source "ChessBase"]
[SourceDate "2024.10.14"]
[SourceVersion "1"]
[SourceVersionDate "2024.10.14"]
[SourceQuality "1"]

1. Nf3 Nf6 2. g3 g6 3. Bg2 Bg7 4. 0-0 0-0 5. d4 d5 6. c4 c6 7. Nc3 a6 8. cxd5 cxd5 9. Bf4 Nc6 10. Rc1 Ne4 11. Nxe4 dxe4 12. Ne5 Nxd4 13. e3 Ne6 14. Bxe4 Qxd1 0-1

[Event "Titled Tuesday intern op 23rd Jul Late"]
[Site "Chess.com INT"]
[Date "2024.07.23"]
[Round "4"]
[White "Wu, Rochelle"]
[Black "Vila Dupla, Aurelio"]
[Result "1-0"]
[WhiteElo "2250"]
[BlackElo "2042"]
[PlyCount "73"]
[EventDate "2024.07.23"]
[EventType "swiss (blitz)"]
[EventRounds "11"]
[EventCountry "USA"]
[SourceTitle "EXT 2025"]
[Source "ChessBase"]
[SourceDate "2024.10.14"]
[SourceVersion "1"]
[SourceVersionDate "2024.10.14"]
[SourceQuality "1"]

1. Nf3 Nf6 2. e3 g6 3. b3 Bg7 4. Bb2 0-0 5. Be2 d6 6. 0-0 e5 7. d4 e4 8. Ne1 Re8 9. Nd2 h5 10. c4 Bg4 11. Bxg4 hxg4 12. Qe2 Qe7 13. Nc2 Nbd7 14. f3 exf3 15. gxf3 gxf3 16. Qxf3 Qe6 17. Rae1 Qg4+ 18. Qxg4 Nxg4 19. Rf3 Bh6 20. h3 Ngf6 21. Ref1 Rf8 22. Rxf6 Nxf6 23. Rxf6 Rfe8 24. Kf2 Re7 25. Nb4 c6 26. Nc2 Rd8 27. Ba3 Red7 28. Ne4 Bf8 29. Rf3 Bg7 30. Nf6+ Bxf6 31. Rxf6 Kg7 32. Rf3 Rh8 33. Ne1 Rh6 34. Nd3 Rd8 35. Bb2 d5 36. Ne5 Rf8 37. Ba3 1-0

[Event "Titled Tuesday intern op 18th Jun Early"]
[Site "Chess.com INT"]
[Date "2024.06.18"]
[Round "5"]
[White "Dicen, Elis Denele"]
[Black "Wu, Rochelle"]
[Result "0-1"]
[WhiteElo "2073"]
[BlackElo "2250"]
[PlyCount "98"]
[EventDate "2024.06.18"]
[EventType "swiss (blitz)"]
[EventRounds "11"]
[EventCountry "USA"]
[SourceTitle "EXT 2025"]
[Source "ChessBase"]
[SourceDate "2024.10.14"]
[SourceVersion "1"]
[SourceVersionDate "2024.10.14"]
[SourceQuality "1"]

1. d4 d5 2. c4 e6 3. Nc3 Be7 4. Nf3 Nf6 5. g3 0-0 6. Bg2 c6 7. Qd3 dxc4 8. Qxc4 b5 9. Qd3 b4 10. Na4 Nbd7 11. 0-0 a5 12. Bf4 Ba6 13. Qc2 Rc8 14. Rfd1 Nd5 15. e4 Nxf4 16. gxf4 Qc7 17. e5 c5 18. Rac1 c4 19. f5 Nb6 20. Nxb6 Qxb6 21. Qe4 Bb7 22. Qf4 exf5 23. Qxf5 Qe6 24. Qf4 h6 25. Kh1 Rfd8 26. Rc2 Bd5 27. Re2 c3 28. b3 a4 29. Rg1 axb3 30. axb3 Bxb3 31. Ne1 Bd5 32. f3 b3 33. Qg3 Qg6 34. Qf2 Qh5 35. Bf1 c2 36. Qg2 Bf8 37. Nd3 Bxf3 38. Rf2 Bxg2+ 39. Rfxg2 c1Q 40. Nxc1 Rxc1 41. Be2 Qh4 42. Rxc1 Rxd4 43. Rb1 Qh3 44. Rxb3 Qxb3 45. Rg1 Qd5+ 46. Rg2 Rd2 47. Bf1 Rxg2 48. Bxg2 Qd1+ 49. Bf1 Qxf1# 0-1

[Event "Titled Tuesday intern op 18th Jun Early"]
[Site "Chess.com INT"]
[Date "2024.06.18"]
[Round "9"]
[White "Sydykov, Bayastan"]
[Black "Wu, Rochelle"]
[Result "1-0"]
[WhiteElo "2246"]
[BlackElo "2250"]
[PlyCount "105"]
[EventDate "2024.06.18"]
[EventType "swiss (blitz)"]
[EventRounds "11"]
[EventCountry "USA"]
[SourceTitle "EXT 2025"]
[Source "ChessBase"]
[SourceDate "2024.10.14"]
[SourceVersion "1"]
[SourceVersionDate "2024.10.14"]
[SourceQuality "1"]

1. e4 c5 2. Nf3 d6 3. d4 cxd4 4. Nxd4 Nf6 5. Nc3 Nc6 6. Bg5 e6 7. Qd2 a6 8. 0-0-0 Bd7 9. f4 Be7 10. Kb1 b5 11. a3 Qb6 12. Nxc6 Bxc6 13. Bd3 0-0-0 14. Rhe1 Rd7 15. e5 dxe5 16. fxe5 Nd5 17. Ne4 Bxg5 18. Qxg5 b4 19. axb4 Nxb4 20. Nd6+ Kb8 21. Qxg7 Rhd8 22. Bc4 Bd5 23. Bxd5 Nxd5 24. Rd3 f6 25. Qg3 Ka8 26. Rb3 Qc6 27. c4 Nb6 28. Qf3 Qxf3 29. gxf3 fxe5 30. c5 Na4 31. Rxe5 Nxc5 32. Rxc5 Rxd6 33. Rc7 R8d7 34. Rxd7 Rxd7 35. Rb6 Ka7 36. Rxe6 Rf7 37. Kc2 Rxf3 38. Re7+ Kb6 39. Rxh7 Kb5 40. Rh5+ Kb4 41. Rh4+ Kb5 42. Kb1 a5 43. Ka2 Rf2 44. Ka3 Rf3+ 45. b3 Rf1 46. Rh5+ Kb6 47. h4 Ra1+ 48. Kb2 Rh1 49. Ka2 Rh2+ 50. Ka3 Rh3 51. Ka4 Rh1 52. Rh6+ Kb7 53. Kxa5 1-0

[Event "Titled Tuesday intern op 18th Jun Early"]
[Site "Chess.com INT"]
[Date "2024.06.18"]
[Round "2"]
[White "Wu, Rochelle"]
[Black "Smieszek, Wojciech"]
[Result "1-0"]
[WhiteElo "2250"]
[BlackElo "2110"]
[PlyCount "85"]
[EventDate "2024.06.18"]
[EventType "swiss (blitz)"]
[EventRounds "11"]
[EventCountry "USA"]
[SourceTitle "EXT 2025"]
[Source "ChessBase"]
[SourceDate "2024.10.14"]
[SourceVersion "1"]
[SourceVersionDate "2024.10.14"]
[SourceQuality "1"]

1. Nf3 d5 2. e3 Nf6 3. b3 c6 4. Bb2 Bg4 5. Be2 e6 6. 0-0 Bd6 7. d3 Qc7 8. h3 Bh5 9. c4 Nbd7 10. Nbd2 h6 11. cxd5 exd5 12. e4 dxe4 13. Nxe4 Nxe4 14. dxe4 Bxf3 15. Bxf3 Be5 16. Ba3 Bxa1 17. Bd6 Qb6 18. Qxa1 0-0-0 19. Qxg7 f6 20. Bg4 Rhe8 21. Bf5 Qd4 22. Be7 Rxe7 23. Qxe7 Qe5 24. Qxe5 fxe5 25. Rd1 Kc7 26. Rxd7+ Rxd7 27. Bxd7 Kxd7 28. g4 c5 29. h4 b5 30. Kf1 Ke6 31. Ke2 Kf6 32. Ke3 Ke6 33. f4 exf4+ 34. Kxf4 a5 35. g5 hxg5+ 36. hxg5 Kd6 37. e5+ Kd5 38. g6 Ke6 39. Ke4 Ke7 40. Kd5 c4 41. bxc4 b4 42. Kc5 a4 43. Kxb4 1-0

[Event "Titled Tuesday intern op 18th Jun Early"]
[Site "Chess.com INT"]
[Date "2024.06.18"]
[Round "6"]
[White "Wu, Rochelle"]
[Black "Yeremyan, Alen"]
[Result "0-1"]
[WhiteElo "2250"]
[BlackElo "2279"]
[PlyCount "52"]
[EventDate "2024.06.18"]
[EventType "swiss (blitz)"]
[EventRounds "11"]
[EventCountry "USA"]
[SourceTitle "EXT 2025"]
[Source "ChessBase"]
[SourceDate "2024.10.14"]
[SourceVersion "1"]
[SourceVersionDate "2024.10.14"]
[SourceQuality "1"]

1. d4 Nf6 2. Nf3 g6 3. e3 Bg7 4. b3 0-0 5. Ba3 d5 6. Nbd2 Ne4 7. Nxe4 dxe4 8. Nd2 f5 9. h4 h6 10. Bc4+ Kh7 11. h5 g5 12. g4 Nc6 13. Be2 Rf7 14. gxf5 Bxf5 15. Bg4 e6 16. c3 a5 17. Rg1 a4 18. Qc2 axb3 19. axb3 Qd5 20. Be2 b5 21. Bb2 Rxa1+ 22. Bxa1 e5 23. Bg4 exd4 24. exd4 b4 25. Bxf5+ Qxf5 26. Qxe4 Re7 0-1